000 00875nam a2200253 i 4500
001 170508
003 ES-MaACL
005 20230906214405.0
008 090311s1992 fr |||| | fre d
020 _a2-86869-865-4
080 _a782.1
100 0 _aScribe, Eugène.
_9104966
245 1 2 _aL'Africaine
_b: opéra en cinq actes /
_cde Giacomo Meyerbeer ; livret d'Eugène Scribe ; présentation d'André Segond.
260 _aArles :
_bActes Sud,
_c1992.
300 _a70, [2] p. :
_bil. ;
_c21 cm.
490 1 _aActes Sud Opéra de Marseille
504 _aBibliografía.
650 4 _aÓperas-
_vLibretos.
_9137584
700 1 _aMeyerbeer, Giacomo.
_980809
700 1 _aSegond, André.
_9139623
830 0 _aActes Sud Opéra de Marseille
_9223038
852 4 _aES-MaACL
_jE-12510
_9R.140100
_z. - Biblioteca Jacinto Martínez Lacalle
999 _c170508
_d170508